<?xml version="1.0" encoding="UTF-8"?><?xml-stylesheet type="text/xsl" href="static/style.xsl"?><OAI-PMH xmlns="http://www.openarchives.org/OAI/2.0/" xmlns:xsi="http://www.w3.org/2001/XMLSchema-instance" xsi:schemaLocation="http://www.openarchives.org/OAI/2.0/ http://www.openarchives.org/OAI/2.0/OAI-PMH.xsd"><responseDate>2026-04-13T15:34:13Z</responseDate><request verb="GetRecord" identifier="oai:www.recercat.cat:20.500.14342/740" metadataPrefix="marc">https://recercat.cat/oai/request</request><GetRecord><record><header><identifier>oai:recercat.cat:20.500.14342/740</identifier><datestamp>2025-05-15T19:20:36Z</datestamp><setSpec>com_2072_482405</setSpec><setSpec>com_2072_183628</setSpec><setSpec>col_2072_482409</setSpec></header><metadata><record xmlns="http://www.loc.gov/MARC21/slim" xmlns:dcterms="http://purl.org/dc/terms/" xmlns:xsi="http://www.w3.org/2001/XMLSchema-instance" xmlns:doc="http://www.lyncode.com/xoai" xsi:schemaLocation="http://www.loc.gov/MARC21/slim http://www.loc.gov/standards/marcxml/schema/MARC21slim.xsd">
   <leader>00925njm 22002777a 4500</leader>
   <datafield ind2=" " ind1=" " tag="042">
      <subfield code="a">dc</subfield>
   </datafield>
   <datafield ind2=" " ind1=" " tag="720">
      <subfield code="a">Montes Rojas, Ma Luisa</subfield>
      <subfield code="e">author</subfield>
   </datafield>
   <datafield ind2=" " ind1=" " tag="720">
      <subfield code="a">Garcia-Gil, Juanjo</subfield>
      <subfield code="e">author</subfield>
   </datafield>
   <datafield ind2=" " ind1=" " tag="720">
      <subfield code="a">Leija Román, David Alonso</subfield>
      <subfield code="e">author</subfield>
   </datafield>
   <datafield ind2=" " ind1=" " tag="260">
      <subfield code="c">2020-06</subfield>
   </datafield>
   <datafield ind2=" " ind1=" " tag="520">
      <subfield code="a">Este artículo explora el tratamiento informativo de la infografía de la prensa internacional para emprender de manera eficaz procesos de comunicación y divulgación de los hechos relativos a la Ciencia y Tecnología (CyT). La integración de un método de análisis de contenido, aplicado a una muestra seleccionada de mejores prácticas en materia de infografía de periódicos y revistas que han recibido reconocimiento internacional a través de los premios Malofiej (N=149), fueron codificadas y analizadas para identificar características y patrones detallados con base a tres ejes de estudio: el planteamiento informativo (¿qué se dice?), los objetos gráficos y su correspondencia (¿cómo se dice?) y la función que desempeñan los infográficos (¿para  qué  se  dice?). Los resultados indican que estas piezas informativas emplean distintos planteamientos informativos que reflejan en sus mensajes, los cuales conllevan al uso particular de determinados recursos de expresión (objetos gráficos), desempeñando de manera conjunta, diversas funciones comunicativas por parte del emisor con respecto al público al que se dirige; lo anterior, llevó a la conformación y descripción de tres modelos de infografía científica de prensa.</subfield>
   </datafield>
   <datafield ind2=" " ind1=" " tag="520">
      <subfield code="a">This article explores the informative treatment of the infographics of the international press to undertake the communication and dissemination processes of facts related to Science and Technology (S&amp;T) in an efficient way. The integration of a content analysis method, applied to a selected sample of best practices in the field of infographics from newspapers and magazines, that have received international recognition through the Malofiej awards (N =149), were analyzed and coded in order to identify characteristics and detailed patterns based on three axes of study: the informative approach (what is said?), the graphic objects and their correspondence (how do you say?) and the role played by the infographics (what is it for?). The results indicate that these informative pieces use different informative approaches, that reflect in their messages, which lead to the particular use of certain expression resources (graphic objects), jointly performing diverse communication functions on the part of the issuer with respect to the public to which is directed. All the above led to the formation and description of three scientific models for press infographics.</subfield>
   </datafield>
   <datafield ind1="8" ind2=" " tag="024">
      <subfield code="a">http://hdl.handle.net/20.500.14342/740</subfield>
   </datafield>
   <datafield ind1="8" ind2=" " tag="024">
      <subfield code="a">https://dx.doi.org/10.3989/redc.2020.2.1643</subfield>
   </datafield>
   <datafield tag="653" ind2=" " ind1=" ">
      <subfield code="a">Periodisme científic</subfield>
   </datafield>
   <datafield tag="653" ind2=" " ind1=" ">
      <subfield code="a">Infografia</subfield>
   </datafield>
   <datafield tag="653" ind2=" " ind1=" ">
      <subfield code="a">Alfabetització mediàtica</subfield>
   </datafield>
   <datafield tag="653" ind2=" " ind1=" ">
      <subfield code="a">Divulgació científica</subfield>
   </datafield>
   <datafield ind2="0" ind1="0" tag="245">
      <subfield code="a">Visualización mediática de la ciencia: tipología de la infografía científica de prensa</subfield>
   </datafield>
</record></metadata></record></GetRecord></OAI-PMH>